Praktická príručka o predaji a nákupe licencií

Enregistré dans:
Détails bibliographiques
Auteur principal: Chaban, Michal
Format: Livre
Langue:slovaque
Publié: Bratislava Alfa 1985
Édition:1. vyd.
Tags: Ajouter un tag
Pas de tags, Soyez le premier à ajouter un tag!

MARC

LEADER 00000nam a2200000 4500
001 c036537
005 20221220082130.8
041 0 |a slo 
044 |a SK 
245 1 0 |a Praktická príručka o predaji a nákupe licencií  |c Michal Chaban 
250 |a 1. vyd. 
264 1 |a Bratislava  |b Alfa  |c 1985 
300 |a 368 s. 
100 1 |a Chaban, Michal